Detalles MARC
| 000 -CABECERA |
| campo de control de longitud fija |
01211cam a2200229 a 4500 |
| 001 - NÚMERO DE CONTROL |
| campo de control |
000007139 |
| 005 - FECHA Y HORA DE LA ÚLTIMA TRANSACCIÓN |
| campo de control |
20260305073955.0 |
| 008 - DATOS DE LONGITUD FIJA--INFORMACIÓN GENERAL |
| campo de control de longitud fija |
850116s1979 fr i001 0 spa |
| 020 ## - NÚMERO INTERNACIONAL ESTÁNDAR DEL LIBRO |
| ISBN cancelado o inválido |
923301S |
| 040 ## - FUENTE DE LA CATALOGACIÓN |
| Centro catalogador/agencia de origen |
DO-SdBNP |
| Centro/agencia transcriptor |
DLC |
| Centro/agencia modificador |
DLC |
| 082 ## - NÚMERO DE LA CLASIFICACIÓN DECIMAL DEWEY |
| Número de clasificación |
923.6 |
| Número de documento/Ítem |
R426p |
| 110 1# - ENTRADA PRINCIPAL--NOMBRE DE ENTIDAD CORPORATIVA |
| Nombre de entidad corporativa o nombre de jurisdicción como elemento de entrada |
República de Venezuela |
| Unidad subordinada |
Organización de las Naciones Unidas para la Educación, la Ciencia y la Cultura. |
| 9 (RLIN) |
19803 |
| 245 10 - MENCIÓN DE TÍTULO |
| Título |
Premio Internacional Simón Bolívar / |
| Mención de responsabilidad, etc. |
República de Venezuela ; Organización de las Naciones Unidas para la Educación, la Ciencia y la Cultura. |
| 260 ## - PUBLICACIÓN, DISTRIBUCIÓN, ETC. |
| Lugar de publicación, distribución, etc. |
París : |
| Nombre del editor, distribuidor, etc. |
Unesco, |
| Fecha de publicación, distribución, etc. |
1979. |
| 300 ## - DESCRIPCIÓN FÍSICA |
| Extensión |
61 p. ; |
| Dimensiones |
21 cm. |
| 505 0# - NOTA DE CONTENIDO CON FORMATO |
| Nota de contenido con formato |
Acuerdo preliminar entre el Presidente de Venezuela y el Director General de la Unesco -- Discusión del proyecto en el Consejo Ejecutivo de la Unesco -- Decisión del Consejo Ejecutivo -- Estatutos del Premio Internacional Simón Bolívar -- Reglamento Financiero de la Cuenta Especial del Premio Internacional Simón Bolívar -- Resolución de la Conferencia General. |
| 586 ## - NOTA DE PREMIOS |
| Nota de premios |
Premio Internacional Simón Bolívar. |
| 600 10 - PUNTO DE ACCESO ADICIONAL DE MATERIA--NOMBRE DE PERSONA |
| Nombre de persona |
Bolívar, Simón, |
| Fechas asociadas al nombre |
1783-1830 |
| 9 (RLIN) |
253 |
| 710 1# - PUNTO DE ACCESO ADICIONAL--NOMBRE DE ENTIDAD CORPORATIVA |
| Nombre de entidad corporativa o nombre de jurisdicción como elemento de entrada |
Venezuela. |
| 9 (RLIN) |
19804 |
| 710 2# - PUNTO DE ACCESO ADICIONAL--NOMBRE DE ENTIDAD CORPORATIVA |
| Nombre de entidad corporativa o nombre de jurisdicción como elemento de entrada |
Unesco |
| 9 (RLIN) |
19805 |
| 910 ## - DATOS DE OPCIÓN DEL USUARIO (OCLC) |
| Datos de opción del usuario |
Catalogación por copia / LC |